| 000 | 00694nam a22001577a 4500 | ||
|---|---|---|---|
| 003 | OSt | ||
| 005 | 20150917143131.0 | ||
| 008 | 150917b xxu||||| |||| 00| 0 eng d | ||
| 040 | _cRUA | ||
| 082 | _aAGR PHA 2000 B026 Or.1 | ||
| 100 |
_9680 _aPHAL, CHANSATHYA |
||
| 245 |
_aFarmers' praticipatory car impact assessment : the cae study of prasac kampong cham province ការវាយតំលៃលើពូជស្រូវខាដោយមានកសិករចូលរួមៈ ករណីសិក្សាអង្កការប្រាសាក់ខេត្តកំពង់ចាម _h |
||
| 260 |
_aPhnom Penh _bRUA _c2000 |
||
| 300 |
_a41p. _bill. _c29cm. |
||
| 942 |
_2ddc _cAGR |
||
| 999 |
_c655 _d655 |
||